Multiple Choice: Who Directed That Movie? #2 - Statistics

General Stats
  • This quiz has been taken 575 times
  • The average score is 7 of 10
Answer Stats
Question Answer % Correct
Argo (2012) Ben Affleck
88%
Blade Runner (1982) Ridley Scott
88%
Crouching Tiger, Hidden Dragon (2000) Ang Lee
86%
Dawn of the Dead (1978) George A. Romero
78%
The Searchers (1956) John Ford
73%
Hot Fuzz (2007) Edgar Wright
69%
The 40 Year Old Virgin (2004) Judd Apatow
69%
The Seventh Seal (1957) Ingmar Bergman
63%
Harry Potter and the Prisoner of Azkaban (2004) Alfonso Cuarón
57%
Black Panther (2018) Ryan Coogler
51%
No matching quizzes found
Score Distribution
Percent of People with Each Score
Percentile by Number Answered
Your Score History
You have not taken this quiz